Vše o meditaci

Uloženo v:
Podrobná bibliografie
Hlavní autor: Repka, Marian (Autor)
Médium: Kniha
Jazyk:čeština
Vydáno: Bratislava : Alexander Giertli - Eugenika, 1997
Vydání:1. vyd.
Témata:
ISBN:8096740075
On-line přístup: Získat plný text
Tagy: Přidat tag
Žádné tagy, Buďte první, kdo vytvoří štítek k tomuto záznamu!

MARC

LEADER 00000nam a2200000 4500
003 SK-BrCVT
005 20230525120639.0
008 221214c1997 xo cze
020 |a 8096740075  |c 50.00 Sk 
035 |a CVTIDW0014519 
040 |a CVTISR  |c CVTISR  |e AACR2 
041 |a cze 
044 |a xo  |c SK 
100 1 |a Repka, Marian  |4 aut 
245 1 |a Vše o meditaci  |c Autor: Marian Repka 
250 |a 1. vyd. 
260 1 |a Bratislava :  |b Alexander Giertli - Eugenika,  |c 1997 
300 |a 104 s. 
655 4 |a odborné publikácie  |9 34859 
910 |a 718  |b P980143 
919 |a 80-967400-7-5 
974 |a cvti cvti  |f Knihy neprofilové  |b cvti cvti 
992 |a AMG 
997 |h WINISIS 
999 |c 279001  |d 279001